[Event "Open"]
[Site "Schneeberg"]
[Date "2009.03.11"]
[Round "4.2"]
[White "Opitz, Frank"]
[Black "Fuchs, Florian"]
[Result "1-0"]
[WhiteElo "2009"]
[BlackElo "1878"]
[PlyCount "39"]
[EventDate "2009.??.??"]
[WhiteTeam "Deutschland"]
[BlackTeam "Deutschland"]
[WhiteTeamCountry "GER"]
[BlackTeamCountry "GER"]

1. d4 Nf6 2. Nc3 d5 3. Bg5 Nbd7 4. e3 g6 5. Bd3 Bg7 6. f4 a6 7. Nf3 b6 8. Ne5
Bb7 9. O-O O-O 10. Qe1 c5 11. Qh4 Qc7 12. Bh6 Rae8 13. Rf3 Qd6 14. Rh3 Bc8 15.
Bxg7 Kxg7 16. Qh6+ Kg8 17. g4 cxd4 18. exd4 Qb4 19. Ne2 Qd2 20. g5 1-0

[Event "Open"]
[Site "Schneeberg"]
[Date "2009.03.11"]
[Round "4.2"]
[White "Faber, Lutz"]
[Black "Coder, Thorsten"]
[Result "1/2-1/2"]
[WhiteElo "1749"]
[BlackElo "1986"]
[PlyCount "42"]
[EventDate "2009.??.??"]

1. Nc3 c5 2. f4 e6 3. Nf3 d6 4. e4 Nc6 5. a3 a6 6. Bc4 Nf6 7. d3 Be7 8. O-O O-O
9. Ba2 Qc7 10. Bd2 b5 11. Ne2 Bd7 12. Qe1 d5 13. e5 Ne8 14. Qg3 b4 15. axb4
Nxb4 16. Bb1 Bb5 17. Nc1 Bd7 18. Ne2 Bb5 19. Nc1 c4 20. Bxb4 Bxb4 21. c3 cxd3
1/2-1/2

[Event "Open"]
[Site "Schneeberg"]
[Date "2009.03.11"]
[Round "4.2"]
[White "Bach, Markus"]
[Black "Moche, Norbert"]
[Result "1-0"]
[WhiteElo "1959"]
[BlackElo "1705"]
[PlyCount "53"]
[EventDate "2009.??.??"]
[WhiteTeam "Deutschland"]
[BlackTeam "Deutschland"]
[WhiteTeamCountry "GER"]
[BlackTeamCountry "GER"]

1. d4 d5 2. Nf3 Nf6 3. c4 e6 4. g3 c6 5. Bg2 g6 6. O-O Bg7 7. Nc3 O-O 8. Qb3
Nbd7 9. Bf4 dxc4 10. Qxc4 Nb6 11. Qb3 Nfd5 12. Bd2 Re8 13. e4 Nxc3 14. Bxc3 Nd7
15. Rfd1 Qb6 16. Qa4 Qc7 17. Rac1 Nb6 18. Qb3 Bd7 19. Ba5 Qb8 20. a3 Nc8 21. d5
Bf8 22. Ng5 Nd6 23. e5 Nf5 24. Ne4 Kg7 25. Nf6 Qc8 26. Nxe8+ Qxe8 27. dxe6 1-0

[Event "Open"]
[Site "Schneeberg"]
[Date "2009.03.11"]
[Round "4.2"]
[White "Bulano, Alexander"]
[Black "Bennewitz, Ralph"]
[Result "0-1"]
[WhiteElo "1816"]
[BlackElo "1748"]
[PlyCount "72"]
[EventDate "2009.??.??"]

1. d4 Nf6 2. c4 e6 3. Nf3 d5 4. e3 Be7 5. Nc3 Nbd7 6. Qc2 O-O 7. Be2 dxc4 8.
Bxc4 b6 9. O-O Bb7 10. Be2 a6 11. Rd1 Rc8 12. a3 c5 13. dxc5 Bxc5 14. b4 Be7
15. Bb2 Qc7 16. Qb3 Nd5 17. Rac1 Qb8 18. Nxd5 Bxd5 19. Qa4 Rfd8 20. Bxa6 Rxc1
21. Rxc1 Bxf3 22. gxf3 Ne5 23. Bxe5 Qxe5 24. f4 Qf5 25. Bf1 e5 26. fxe5 Qxe5
27. Qb3 Rd6 28. Bc4 Qf5 29. Kf1 Qf3 30. Ke1 Bh4 31. Qa2 Qxe3+ 32. Kf1 Qxc1+ 33.
Kg2 Qg5+ 34. Kh3 Qf5+ 35. Kxh4 Rh6+ 36. Kg3 Rg6+ 0-1

[Event "Open"]
[Site "Schneeberg"]
[Date "2009.03.12"]
[Round "5.1"]
[White "Schulz, Karsten"]
[Black "Simutowe, Amon"]
[Result "0-1"]
[WhiteElo "2288"]
[BlackElo "2485"]
[PlyCount "42"]
[EventDate "2009.??.??"]

1. d4 d5 2. Bf4 c5 3. e4 e6 4. exd5 exd5 5. Bxb8 Rxb8 6. Bb5+ Bd7 7. Qe2+ Be7
8. Nf3 Nf6 9. Bxd7+ Qxd7 10. dxc5 O-O 11. O-O Bxc5 12. Nbd2 Rfe8 13. Qd3 a6 14.
Rfe1 h6 15. h3 Bb6 16. Rad1 Qa4 17. a3 Qf4 18. Nb3 Re4 19. Nbd4 Rbe8 20. Ne2
Qf5 21. Ng3 Rxe1+ 0-1

[Event "Open"]
[Site "Schneeberg"]
[Date "2009.03.12"]
[Round "5.1"]
[White "Laubsch, Bernd"]
[Black "Wichmann, Cliff"]
[Result "1-0"]
[WhiteElo "2285"]
[BlackElo "2389"]
[PlyCount "148"]
[EventDate "2009.??.??"]
[WhiteTeam "Deutschland"]
[BlackTeam "Deutschland"]
[WhiteTeamCountry "GER"]
[BlackTeamCountry "GER"]

1. e4 e6 2. d4 d5 3. Nd2 Be7 4. Bd3 c5 5. dxc5 Nf6 6. b4 a5 7. c3 Nc6 8. Rb1
O-O 9. a3 b6 10. cxb6 Qxb6 11. Ngf3 Rd8 12. Qe2 axb4 13. e5 Nd7 14. cxb4 Qb8
15. Bb2 Nf8 16. O-O Ng6 17. g3 Bd7 18. Rfc1 Na7 19. Nb3 Nb5 20. Ra1 Na7 21.
Nbd4 Ba4 22. h4 Qb7 23. Kg2 Nf8 24. Rc3 Nc8 25. Rac1 Ra7 26. Nc6 Bxc6 27. Rxc6
Nb6 28. Rxb6 Qxb6 29. Bd4 Qb7 30. Bxa7 Qxa7 31. Qb2 h6 32. Rc6 Nd7 33. Qc1 Qb8
34. Rc7 Qb6 35. Qc6 Bf8 36. Bb5 Qxc6 37. Rxc6 Rb8 38. Ba6 Ra8 39. Bc8 Nb6 40.
Rxb6 Rxc8 41. Nd4 Ra8 42. Nc6 Rxa3 43. Rb8 g5 44. hxg5 hxg5 45. b5 Kg7 46. b6
Bc5 47. b7 Rb3 48. Na5 Rb5 49. Ra8 Bb4 50. b8=Q Rxb8 51. Rxb8 Bxa5 52. Rb7 Kg6
53. f4 Bd2 54. Kf3 gxf4 55. gxf4 Bc3 56. Kg4 Bd4 57. Rc7 Bb2 58. Rc6 Kg7 59.
Kg5 Bd4 60. Rc7 Be3 61. Rd7 Bc1 62. Kg4 Kg6 63. Rd6 Kg7 64. f5 Ba3 65. fxe6
fxe6 66. Rxe6 Kf7 67. Kf5 d4 68. Ra6 Bc5 69. Rc6 Ba3 70. Rc7+ Ke8 71. Ke6 Kf8
72. Rd7 Bc5 73. Kf6 Ke8 74. e6 Bb6 {Ke7+} 1-0

[Event "Open"]
[Site "Schneeberg"]
[Date "2009.03.12"]
[Round "5.1"]
[White "Eichner, Sebastian"]
[Black "Schnabel, Ralf"]
[Result "1-0"]
[WhiteElo "2326"]
[BlackElo "2245"]
[PlyCount "85"]
[EventDate "2009.??.??"]

1. Nf3 d6 2. e4 e5 3. d4 Nd7 4. Bc4 Be7 5. c3 Nb6 6. Bb3 exd4 7. cxd4 Nf6 8.
Nc3 O-O 9. O-O Bg4 10. Re1 Qd7 11. Bf4 Rad8 12. h3 Bh5 13. Qd3 c5 14. Bc2 Bg6
15. Nh4 Nh5 16. Nxg6 hxg6 17. Bh2 Nf6 18. Rad1 Qc8 19. Qf3 a6 20. dxc5 dxc5 21.
e5 Rxd1 22. Rxd1 Nh7 23. Bf4 Ng5 24. Bxg5 Bxg5 25. Be4 Qc7 26. Bxb7 Qxe5 27.
Bxa6 Rd8 28. a4 c4 29. Bb5 Rxd1+ 30. Qxd1 Be7 31. a5 Nc8 32. a6 Bd6 33. g3 Bc5
34. Qd8+ Kh7 35. Qh4+ Kg8 36. Qd8+ Kh7 37. Qh4+ Kg8 38. Ne4 Be7 39. Qg4 f5 40.
Bxc4+ Kh7 41. Ng5+ Bxg5 42. Qxg5 Qe1+ 43. Bf1 1-0

[Event "Open"]
[Site "Schneeberg"]
[Date "2009.03.12"]
[Round "5.1"]
[White "Melamed, Tatiana"]
[Black "Jandke, Manfred"]
[Result "1-0"]
[WhiteElo "2293"]
[BlackElo "2177"]
[PlyCount "41"]
[EventDate "2009.??.??"]

1. e4 e6 2. d4 d5 3. Nd2 h6 4. Ngf3 Nf6 5. Bd3 c5 6. e5 Nfd7 7. c3 Nc6 8. O-O
g5 9. c4 g4 10. cxd5 Nb4 11. dxe6 Nxd3 12. exd7+ Bxd7 13. Ne4 Nxc1 14. Nf6+ Ke7
15. Nh4 Bg7 16. Qxc1 Rc8 17. Qf4 Kf8 18. Nxd7+ Qxd7 19. Ng6+ Kg8 20. Nxh8 cxd4
21. Nxf7 1-0

[Event "Open"]
[Site "Schneeberg"]
[Date "2009.03.12"]
[Round "5.1"]
[White "Stark, Saskia"]
[Black "Ksieski, Zbigniew"]
[Result "0-1"]
[WhiteElo "1929"]
[BlackElo "2385"]
[PlyCount "70"]
[EventDate "2009.??.??"]
[WhiteTeam "Deutschland"]
[BlackTeam "Polen"]
[WhiteTeamCountry "GER"]
[BlackTeamCountry "POL"]

1. e4 c5 2. Nc3 e6 3. Nf3 Nc6 4. d4 cxd4 5. Nxd4 d6 6. Be3 Nf6 7. Be2 Be7 8.
Qd2 e5 9. Nf3 h6 10. Bc4 Na5 11. Bb5+ Bd7 12. Bxd7+ Qxd7 13. Nd5 Nxd5 14. Qxd5
Nc6 15. c3 Qe6 16. Qb5 O-O 17. O-O Rab8 18. Rfd1 Rfc8 19. Nd2 a6 20. Qa4 d5 21.
exd5 Qxd5 22. Nc4 Qe4 23. f3 b5 24. fxe4 bxa4 25. Rd7 Bg5 26. Bf2 Nd4 27. cxd4
Rxc4 28. h4 Bf6 29. dxe5 Bxe5 30. Rb1 Rxb2 31. Rxb2 Bxb2 32. Ra7 Be5 33. g3
Rc1+ 34. Kg2 Rc2 35. Kf3 Rxf2+ 0-1

[Event "Open"]
[Site "Schneeberg"]
[Date "2009.03.12"]
[Round "5.1"]
[White "Bachmann, Uwe"]
[Black "Gottwald, Lutz"]
[Result "1-0"]
[WhiteElo "2042"]
[BlackElo "1900"]
[PlyCount "53"]
[EventDate "2009.??.??"]

1. Nf3 f5 2. d4 Nf6 3. Bg5 e6 4. Nbd2 d5 5. e3 Nbd7 6. Ne5 Be7 7. Ndf3 Ne4 8.
Bxe7 Qxe7 9. c3 c6 10. Nxd7 Bxd7 11. Bd3 O-O-O 12. Qc2 Kb8 13. b4 Ng5 14. Nd2
e5 15. O-O e4 16. Be2 Rhf8 17. c4 f4 18. exf4 Rxf4 19. a4 Rdf8 20. b5 Nh3+ 21.
gxh3 Bxh3 22. Qc3 Rf3 23. Nxf3 exf3 24. Bxf3 Bxf1 25. Rxf1 Qh4 26. bxc6 Qh3 27.
Qb4 1-0

[Event "Open"]
[Site "Schneeberg"]
[Date "2009.03.12"]
[Round "5.2"]
[White "Eichner, Christian"]
[Black "Opitz, Frank"]
[Result "1-0"]
[WhiteElo "2161"]
[BlackElo "2009"]
[PlyCount "117"]
[EventDate "2009.??.??"]
[WhiteTeam "Deutschland"]
[BlackTeam "Deutschland"]
[WhiteTeamCountry "GER"]
[BlackTeamCountry "GER"]

1. e4 d5 2. exd5 Qxd5 3. Nc3 Qd8 4. d4 Nf6 5. Bc4 Bg4 6. Nf3 e6 7. h3 Bxf3 8.
Qxf3 c6 9. Ne2 Nbd7 10. O-O Bd6 11. Re1 O-O 12. Bf4 Qc7 13. Bxd6 Qxd6 14. Rad1
Nd5 15. a3 N7f6 16. Bd3 b5 17. Ng3 Qf4 18. Qe2 Qh4 19. Ne4 Nxe4 20. Bxe4 Rab8
21. Qf3 Rfd8 22. Kh2 Rd6 23. g3 Qf6 24. Bxd5 Rxd5 25. Qxf6 gxf6 26. Rd3 Rbd8
27. Rc3 R8d6 28. Re4 Kf8 29. Kg2 Ke7 30. Rh4 h5 31. Kf3 Kd7 32. g4 hxg4+ 33.
Rxg4 Rxd4 34. Rg8 Rh4 35. Kg3 Rdd4 36. Ra8 Ra4 37. b3 Rad4 38. Rxa7+ Kd6 39.
Ra6 Rh7 40. Raxc6+ Ke5 41. R6c5+ Kd6 42. Rxb5 Rg7+ 43. Kf3 Rh4 44. Ke2 f5 45.
Rd3+ Kc6 46. Re5 Rg1 47. b4 Rc4 48. c3 Ra1 49. Ra5 Re4+ 50. Re3 Rf4 51. Rf3
Ra2+ 52. Ke3 Re4+ 53. Kd3 Ra1 54. Rc5+ Kd6 55. Rc4 Ree1 56. Rd4+ Kc6 57. Kc4
Rxa3 58. b5+ Kb6 59. Rd6+ 1-0

[Event "Open"]
[Site "Schneeberg"]
[Date "2009.03.12"]
[Round "5.2"]
[White "Bennewitz, Ralph"]
[Black "Nabavi, Parwis"]
[Result "1/2-1/2"]
[WhiteElo "1748"]
[BlackElo "2113"]
[PlyCount "173"]
[EventDate "2009.??.??"]

1. b3 d5 2. Bb2 e6 3. e3 Nf6 4. Nf3 Bd6 5. Be2 O-O 6. O-O b6 7. d3 Nbd7 8. Nbd2
Bb7 9. c4 c5 10. Qc2 Rc8 11. Rac1 Qc7 12. Rfd1 Rfd8 13. h3 a6 14. a3 b5 15. a4
Qb6 16. Qb1 bxa4 17. bxa4 Bc6 18. Qa2 Qa5 19. Ra1 Rb8 20. Rdb1 Rb7 21. Nb3 Qc7
22. Bc3 Rdb8 23. Ba5 Qc8 24. Bd1 dxc4 25. dxc4 Ne5 26. Nxe5 Bxe5 27. Nxc5 Rb2
28. Rxb2 Rxb2 29. Qa3 Rb8 30. Bc3 Bd6 31. Bb4 Rxb4 32. Qxb4 Nd7 33. Rb1 Nxc5
34. Qd2 Bc7 35. Qb4 Ne4 36. Bf3 Qf8 37. c5 f5 38. Qc4 Qc8 39. Rd1 Ba5 40. Bxe4
fxe4 41. Rd6 Kf7 42. Qd4 Qe8 43. Qe5 Qc8 44. Qh5+ Kg8 45. Qg5 h6 46. Qe7 Bxa4
47. Qxe6+ Qxe6 48. Rxe6 Bb5 49. Rxe4 Kf7 50. Rd4 Bc3 51. Rd6 Bb4 52. Rd5 a5 53.
Rd6 Be8 54. Ra6 h5 55. c6 Ke6 56. c7+ Kd7 57. Re6 Bf7 58. Rc6 Kc8 59. Ra6 Bc3
60. Ra8+ Kxc7 61. Ra7+ Kb6 62. Rxf7 a4 63. Rf8 a3 64. Ra8 Ba5 65. Rb8+ Kc5 66.
Rb3 Bb4 67. Rb1 Bc3 68. Kf1 a2 69. Rd1 a1=Q 70. Rxa1 Bxa1 71. Ke2 Kd5 72. g4 h4
73. g5 Bc3 74. Kd3 Be1 75. f4 Bg3 76. e4+ Kc5 77. Ke3 Kc4 78. Kf3 Kd4 79. e5
Kd5 80. Ke3 Be1 81. Kf3 Bd2 82. Kg4 Ke4 83. e6 Bb4 84. f5 Ke5 85. f6 gxf6 86.
gxf6 Kxf6 87. Kxh4 1/2-1/2

[Event "Open"]
[Site "Schneeberg"]
[Date "2009.03.12"]
[Round "5.2"]
[White "Kindl, Bjoern"]
[Black "Wiezer, Siegfried"]
[Result "1-0"]
[WhiteElo "1443"]
[BlackElo "2030"]
[PlyCount "43"]
[EventDate "2009.??.??"]
[WhiteTeam "Deutschland"]
[BlackTeam "Deutschland"]
[WhiteTeamCountry "GER"]
[BlackTeamCountry "GER"]

1. Nc3 d5 2. e4 d4 3. Nce2 e5 4. Ng3 Nf6 5. Nf3 Qd6 6. Bc4 h6 7. d3 Bd7 8. Bd2
b5 9. Bb3 a5 10. a3 c5 11. O-O Nc6 12. a4 b4 13. Nh4 g5 14. Nhf5 Qc7 15. Nh5
Nxh5 16. Qxh5 Bxf5 17. exf5 Qe7 18. Bd5 Rc8 19. f4 Qd7 20. Bxc6 Rxc6 21. fxe5
Kd8 22. Bxg5+ 1-0

[Event "Open"]
[Site "Schneeberg"]
[Date "2009.03.12"]
[Round "5.2"]
[White "Zimmermann, Rene"]
[Black "Fischer, Gerd"]
[Result "1-0"]
[WhiteElo "2016"]
[BlackElo "1998"]
[PlyCount "119"]
[EventDate "2009.??.??"]

1. d4 e6 2. c4 f5 3. Nf3 Nf6 4. Bg5 Be7 5. Nbd2 O-O 6. g3 d5 7. Bg2 c6 8. O-O
Nbd7 9. Qc2 Qe8 10. cxd5 cxd5 11. Bf4 Nh5 12. Be5 Nhf6 13. Rac1 Ne4 14. e3 Nxd2
15. Qxd2 Nxe5 16. Nxe5 Bd6 17. f3 Bxe5 18. dxe5 Bd7 19. e4 fxe4 20. fxe4 Rxf1+
21. Rxf1 dxe4 22. Bxe4 Bc6 23. Bxc6 Qxc6 24. Qf4 Qc5+ 25. Qf2 Qxf2+ 26. Rxf2
Rd8 27. Rc2 Rd7 28. Kf2 Kf7 29. Ke3 Ke7 30. h4 Kf7 31. g4 Kg6 32. Ke4 Kf7 33.
b3 Ke7 34. g5 Kd8 35. Rf2 Ke8 36. a4 Rd1 37. h5 Rh1 38. g6 hxg6 39. hxg6 Re1+
40. Kd4 Rd1+ 41. Kc4 Rc1+ 42. Kb4 Rc7 43. Rh2 Kd7 44. Kb5 Rc8 45. Rf2 Re8 46.
a5 Re7 47. a6 Ke8 48. axb7 Rxb7+ 49. Kc6 Rb6+ 50. Kc5 Rxb3 51. Rf7 Rg3 52. Rxg7
Kf8 53. Rf7+ Ke8 54. Rxa7 Rxg6 55. Kd6 Rh6 56. Re7+ Kf8 57. Rxe6 Rxe6+ 58. Kxe6
Ke8 59. Kd6 Kd8 60. e6 1-0

[Event "Open"]
[Site "Schneeberg"]
[Date "2009.03.12"]
[Round "5.2"]
[White "Coder, Thorsten"]
[Black "Bach, Markus"]
[Result "1/2-1/2"]
[WhiteElo "1986"]
[BlackElo "1959"]
[PlyCount "85"]
[EventDate "2009.??.??"]
[WhiteTeam "Deutschland"]
[BlackTeam "Deutschland"]
[WhiteTeamCountry "GER"]
[BlackTeamCountry "GER"]

1. d4 d5 2. Nf3 c6 3. Bf4 Qb6 4. b3 Bf5 5. e3 e6 6. Bd3 Bg6 7. O-O Nf6 8. h3
Nbd7 9. Ne5 Be7 10. Qe2 Nxe5 11. Bxe5 O-O 12. Nd2 Nd7 13. Bg3 c5 14. c3 Rac8
15. Nf3 cxd4 16. cxd4 Ba3 17. Ne5 Nxe5 18. Bxe5 Rc3 19. Rfd1 Rfc8 20. Bxg6 hxg6
21. e4 Qc6 22. exd5 Qxd5 23. Bf4 Bd6 24. Bxd6 Qxd6 25. Qb5 Qd5 26. Qxd5 exd5
27. Rd2 Rc1+ 28. Rxc1 Rxc1+ 29. Kh2 Rc3 30. f3 Kf8 31. Kg3 Ke7 32. Kf2 Kf6 33.
Ke2 Kg5 34. g3 f5 35. Kf2 b5 36. Kg2 a5 37. Kf2 a4 38. bxa4 bxa4 39. Ke2 a3 40.
f4+ Kh5 41. Rd3 Rc2+ 42. Rd2 Rb2 43. Kd3 1/2-1/2

[Event "Open"]
[Site "Schneeberg"]
[Date "2009.03.12"]
[Round "5.2"]
[White "Kuenne, Lutz Dieter Dr"]
[Black "Poessel, Christian"]
[Result "0-1"]
[WhiteElo "1620"]
[BlackElo "1582"]
[PlyCount "108"]
[EventDate "2009.??.??"]

1. e4 e6 2. d4 d5 3. Nd2 Nf6 4. e5 Nfd7 5. Ngf3 c5 6. Bd3 cxd4 7. O-O Nc6 8.
Re1 Be7 9. Bb5 Qb6 10. Bxc6 bxc6 11. Nb3 c5 12. c3 dxc3 13. bxc3 Ba6 14. Be3
Qc7 15. Rb1 O-O 16. Bg5 Bxg5 17. Nxg5 Nxe5 18. Qh5 Bd3 19. Rbd1 Bg6 20. Nxe6
Bxh5 21. Nxc7 Bxd1 22. Nxa8 Rxa8 23. Rxe5 Bxb3 24. axb3 Rd8 25. Re7 a5 26. Kf1
Kf8 27. Ra7 d4 28. cxd4 cxd4 29. Rxa5 Rb8 30. Rd5 Rb4 31. Ke2 Ke7 32. Kd3 Ke6
33. Rxd4 Rxb3+ 34. Ke2 f5 35. Rd3 Rb2+ 36. Rd2 Rb5 37. f4 Rb4 38. g3 Kf6 39. h4
Kg6 40. Rd3 Kh5 41. Kf3 g6 42. Re3 Rb2 43. Re2 Rxe2 44. Kxe2 Kg4 45. Kf2 Kh3
46. Kf3 Kh2 47. Kf2 h5 48. Kf3 Kg1 49. g4 hxg4+ 50. Kg3 Kf1 51. h5 gxh5 52. Kh4
Kf2 53. Kxh5 Kf3 54. Kg5 Ke4 0-1

[Event "Open"]
[Site "Schneeberg"]
[Date "2009.03.12"]
[Round "5.2"]
[White "Faber, Lutz"]
[Black "Schoenfelder, Claus"]
[Result "1-0"]
[WhiteElo "1749"]
[BlackElo "1542"]
[PlyCount "57"]
[EventDate "2009.??.??"]
[WhiteTeam "Deutschland"]
[BlackTeam "Deutschland"]
[WhiteTeamCountry "GER"]
[BlackTeamCountry "GER"]

1. Nc3 e6 2. e4 g6 3. d4 Bg7 4. Nf3 Ne7 5. Bd3 Nbc6 6. Be3 d6 7. a3 a6 8. O-O
O-O 9. Qd2 f5 10. Rad1 fxe4 11. Nxe4 Nf5 12. Bg5 Qe8 13. c3 Nd8 14. g4 Ne7 15.
Nh4 Nf7 16. Bf6 Nd5 17. g5 Nd8 18. Bxg7 Kxg7 19. c4 Nf4 20. Nf6 Nh3+ 21. Kg2
Qc6+ 22. Kxh3 e5+ 23. Kg3 exd4 24. Qc2 Qc5 25. f4 Nf7 26. b4 Qb6 27. Bxg6 Ne5
28. fxe5 dxe5 29. Nh5+ 1-0

[Event "Open"]
[Site "Schneeberg"]
[Date "2009.03.12"]
[Round "5.2"]
[White "Spitzner, Frank"]
[Black "Alberti, Guenther"]
[Result "1-0"]
[WhiteElo "1806"]
[BlackElo "1102"]
[PlyCount "113"]
[EventDate "2009.??.??"]

1. Nf3 Nf6 2. g3 e6 3. Bg2 c6 4. O-O d5 5. d3 Be7 6. Nbd2 Nbd7 7. e4 O-O 8. e5
Ne8 9. Qe2 Qa5 10. c3 Rb8 11. Nb3 Qa6 12. Re1 b6 13. Bg5 Bxg5 14. Nxg5 g6 15.
Qd2 Ng7 16. Bf1 b5 17. d4 Qb6 18. Nf3 a5 19. g4 a4 20. Nc1 c5 21. Qh6 Re8 22.
Ng5 Nf8 23. Nf3 c4 24. a3 Qc7 25. Ne2 Qe7 26. Qf4 h5 27. h3 Nh7 28. Ng3 g5 29.
Qe3 h4 30. Ne2 Rf8 31. Bg2 Bd7 32. Nc1 Ra8 33. Na2 Bc6 34. Nb4 Bb7 35. Re2 Qd8
36. Rf1 Ne8 37. Kh2 Ng7 38. Nd2 Rc8 39. f3 Rc7 40. Ref2 Rd7 41. Kg1 Ne8 42. f4
Qe7 43. f5 Kh8 44. fxe6 Qxe6 45. Rf3 Ng7 46. Qf2 Kg8 47. Nc2 Qe7 48. Ne3 Ne6
49. Nf5 Qd8 50. Nd6 Nf4 51. Nxb5 Qb6 52. Nd6 Qxb2 53. Rb1 Qxa3 54. Rxb7 Qa1+
55. Rb1 Qa3 56. Qf1 Qa2 57. Qd1 1-0

[Event "Open"]
[Site "Schneeberg"]
[Date "2009.03.12"]
[Round "6.1"]
[White "Eichner, Sebastian"]
[Black "Vasilevich, Tatjana"]
[Result "0-1"]
[WhiteElo "2326"]
[BlackElo "2381"]
[PlyCount "80"]
[EventDate "2009.??.??"]
[WhiteTeam "Deutschland"]
[BlackTeam "Ukraine"]
[WhiteTeamCountry "GER"]
[BlackTeamCountry "UKR"]

1. Nf3 f5 2. d3 Nf6 3. e4 d6 4. exf5 Bxf5 5. d4 Nc6 6. d5 Nb4 7. Nd4 Qd7 8. c4
c5 9. a3 cxd4 10. axb4 e5 11. dxe6 Qxe6+ 12. Qe2 Qxe2+ 13. Bxe2 d5 14. c5 Bxb1
15. Rxb1 b6 16. Bb5+ Kf7 17. Ra1 bxc5 18. Bc6 c4 19. Bd2 Rb8 20. Rxa7+ Ke6 21.
b5 Ne4 22. Ba5 Bc5 23. Ra6 d3 24. f3 Bf2+ 25. Kf1 Nc5 26. Ra7 Bd4 27. Bc3 Bxc3
28. bxc3 Rhd8 29. Kf2 d4 30. Re1+ Kf6 31. g4 d2 32. g5+ Kg6 33. Ree7 Rg8 34.
Ke2 dxc3 35. f4 Rbd8 36. f5+ Kxg5 37. Bd7 Kf6 38. Re6+ Nxe6 39. fxe6 Rge8 40.
b6 Rxe6+ 0-1

[Event "Open"]
[Site "Schneeberg"]
[Date "2009.03.12"]
[Round "6.1"]
[White "Meijers, Viesturs"]
[Black "Melamed, Tatiana"]
[Result "1/2-1/2"]
[WhiteElo "2493"]
[BlackElo "2293"]
[PlyCount "86"]
[EventDate "2009.??.??"]

1. d4 d5 2. Nf3 Nf6 3. e3 c5 4. Nbd2 Nc6 5. Bb5 e6 6. c3 Bd6 7. Ne5 Qb6 8. Qa4
Bd7 9. Nxd7 Nxd7 10. Be2 O-O 11. O-O Qc7 12. h3 cxd4 13. cxd4 Nf6 14. a3 a6 15.
Qd1 Rac8 16. Bd3 Rfe8 17. b4 a5 18. b5 Ne7 19. Bb2 e5 20. dxe5 Bxe5 21. Bxe5
Qxe5 22. Nf3 Qc3 23. Nd4 Ng6 24. Qb1 Ne5 25. Bf5 Rc5 26. Rc1 Qxc1+ 27. Qxc1
Rxc1+ 28. Rxc1 g6 29. Bb1 Nc4 30. a4 Ne4 31. Ba2 Ned6 32. Ne2 Nb6 33. Bb3 Re4
34. Nd4 Ndc4 35. g3 Kf8 36. Bd1 Ke7 37. Bf3 Re5 38. Nb3 Kd6 39. Be2 Nxa4 40.
Bxc4 dxc4 41. Nxa5 Rxb5 42. Nxc4+ Ke6 43. Na3 Rb3 1/2-1/2

[Event "Open"]
[Site "Schneeberg"]
[Date "2009.03.12"]
[Round "6.1"]
[White "Simutowe, Amon"]
[Black "Laubsch, Bernd"]
[Result "1/2-1/2"]
[WhiteElo "2485"]
[BlackElo "2285"]
[PlyCount "149"]
[EventDate "2009.??.??"]
[WhiteTeam "Zambia"]
[BlackTeam "Deutschland"]
[WhiteTeamCountry "ZAM"]
[BlackTeamCountry "GER"]

1. e4 c5 2. Nf3 e6 3. d4 cxd4 4. Nxd4 Nf6 5. Nc3 d6 6. g4 Nc6 7. g5 Nd7 8. Be3
Nb6 9. h4 d5 10. Bb5 Bd7 11. exd5 exd5 12. Qe2 Be7 13. O-O-O O-O 14. Nb3 Be6
15. f4 Qc8 16. Rhg1 Re8 17. Qf3 Nc4 18. Bf2 a6 19. Bxc6 bxc6 20. Nc5 Bf5 21. h5
Qb8 22. b3 Qb4 23. N5a4 Qa3+ 24. Kb1 Rab8 25. Rd3 Bb4 26. Ka1 Bxd3 27. Qxd3
Bxc3+ 28. Qxc3 Qb4 29. Qxb4 Rxb4 30. Bc5 Rxa4 31. bxa4 g6 32. h6 Nd2 33. Rd1
Ne4 34. Re1 f6 35. gxf6 Kf7 36. Bd4 Nxf6 37. Rb1 Re7 38. Rb6 Ng4 39. Rxc6 Nxh6
40. Rf6+ Ke8 41. Rxa6 Nf5 42. Be5 g5 43. Ra8+ Kf7 44. Rh8 Ke6 45. Rg8 gxf4 46.
Bxf4 Nd4 47. c3 Rf7 48. Bh6 Nf5 49. Bc1 Nd6 50. a5 Nc4 51. a6 Ra7 52. Kb1 Kd6
53. Bf4+ Kc6 54. Rh8 Kb5 55. Rd8 Kc6 56. Rc8+ Kb5 57. Rd8 Kc6 58. Rh8 Kb5 59.
Bb8 Rxa6 60. Rxh7 Rf6 61. Ba7 Re6 62. Bf2 Re2 63. Bd4 Na3+ 64. Kc1 Rxa2 65. Rc7
Ka4 66. Rc5 Kb3 67. Kd1 Rh2 68. Rxd5 Kc4 69. Rg5 Nb1 70. Rc5+ Kd3 71. Ke1 Nd2
72. Bf6 Nf3+ 73. Kf1 Nd2+ 74. Kg1 Nf1 75. Kxf1 1/2-1/2

[Event "Open"]
[Site "Schneeberg"]
[Date "2009.03.12"]
[Round "6.1"]
[White "Ksieski, Zbigniew"]
[Black "Welz, Peter Dr"]
[Result "1-0"]
[WhiteElo "2385"]
[BlackElo "2232"]
[PlyCount "57"]
[EventDate "2009.??.??"]

1. d4 f5 2. c4 Nf6 3. Nc3 e6 4. Nf3 Be7 5. d5 d6 6. dxe6 Bxe6 7. Nd4 Qd7 8.
Nxe6 Qxe6 9. e3 O-O 10. Be2 Nc6 11. Nd5 Bd8 12. O-O Kh8 13. b3 Nxd5 14. cxd5
Qf6 15. Qd2 Ne5 16. Bb2 Qh4 17. Rac1 Rc8 18. Qd4 f4 19. exf4 Rxf4 20. Qxa7 Bg5
21. Bxe5 dxe5 22. d6 Rff8 23. Rxc7 Ra8 24. Qxb7 Rxa2 25. Rf7 Rxf7 26. Qxf7 h5
27. Qe8+ Kh7 28. Bd3+ g6 29. Qxg6+ 1-0

[Event "Open"]
[Site "Schneeberg"]
[Date "2009.03.12"]
[Round "6.1"]
[White "Natsidis, Christoph"]
[Black "Bachmann, Uwe"]
[Result "1-0"]
[WhiteElo "2302"]
[BlackElo "2042"]
[PlyCount "75"]
[EventDate "2009.??.??"]
[WhiteTeam "Deutschland"]
[BlackTeam "Deutschland"]
[WhiteTeamCountry "GER"]
[BlackTeamCountry "GER"]

1. d4 Nf6 2. c4 b6 3. Nc3 Bb7 4. Nf3 e6 5. Bg5 Be7 6. Qc2 d6 7. e4 Nbd7 8. Be3
O-O 9. h3 c5 10. d5 e5 11. g4 Ne8 12. Bd3 g5 13. Qd2 f6 14. h4 h6 15. Ng1 Ng7
16. Nge2 Kf7 17. a3 a6 18. f3 Qc7 19. Kf2 Rad8 20. Rab1 Rh8 21. Ng3 Rdg8 22.
Rbg1 Nf8 23. Nf5 Nxf5 24. exf5 Nd7 25. Ne4 Qd8 26. Be2 Qc7 27. Rb1 Ba8 28. Rh2
Qd8 29. Rbh1 Bb7 30. Rh3 Ba8 31. R1h2 Bb7 32. Qd1 Ba8 33. Qh1 Kg7 34. hxg5 hxg5
35. Rh7+ Rxh7 36. Rxh7+ Kf8 37. Qh6+ Ke8 38. Qh5+ 1-0

[Event "Open"]
[Site "Schneeberg"]
[Date "2009.03.12"]
[Round "6.1"]
[White "Wichmann, Cliff"]
[Black "Eichner, Christian"]
[Result "1-0"]
[WhiteElo "2389"]
[BlackElo "2161"]
[PlyCount "91"]
[EventDate "2009.??.??"]

1. d4 f5 2. g3 g6 3. Bg2 Bg7 4. Nf3 Nf6 5. O-O O-O 6. c4 d6 7. Nc3 Nc6 8. d5
Na5 9. Qd3 e5 10. dxe6 Bxe6 11. Nd5 Ne4 12. Nd4 Nc5 13. Nxe6 Nxd3 14. Nxd8 Nxc1
15. Raxc1 Rfxd8 16. Nxc7 Rac8 17. Ne6 Rd7 18. Bd5 Kh8 19. Nxg7 Rxg7 20. b3 Re7
21. e3 Nc6 22. Rcd1 Ne5 23. Kg2 Kg7 24. Rd4 Nc6 25. Rd2 Nd8 26. Rfd1 Rc5 27.
Rd4 Ra5 28. a4 Rc5 29. e4 fxe4 30. Rxe4 Rcc7 31. Rde1 Kf6 32. Rxe7 Rxe7 33.
Rxe7 Kxe7 34. Kf3 Kf6 35. Ke4 a5 36. h4 h6 37. Kf4 h5 38. f3 Kg7 39. Kg5 Nc6
40. Bxc6 bxc6 41. g4 hxg4 42. fxg4 Kf7 43. h5 Kg7 44. hxg6 d5 45. cxd5 cxd5 46.
Kf5 1-0

[Event "Open"]
[Site "Schneeberg"]
[Date "2009.03.12"]
[Round "6.1"]
[White "Jandke, Manfred"]
[Black "Schulz, Karsten"]
[Result "0-1"]
[WhiteElo "2177"]
[BlackElo "2288"]
[PlyCount "76"]
[EventDate "2009.??.??"]
[WhiteTeam "Deutschland"]
[BlackTeam "Deutschland"]
[WhiteTeamCountry "GER"]
[BlackTeamCountry "GER"]

1. c4 g6 2. Nf3 Bg7 3. d4 Nf6 4. Nc3 O-O 5. g3 d5 6. cxd5 Nxd5 7. Bg2 c5 8. Qb3
Nxc3 9. bxc3 Nc6 10. e3 cxd4 11. exd4 e5 12. Bg5 Qa5 13. O-O exd4 14. c4 Qb6
15. Qb5 Bf5 16. Rad1 h6 17. Bf4 Rfd8 18. Rd2 Rd7 19. h3 Rc8 20. g4 Be6 21. Rfd1
Qd8 22. c5 Bd5 23. Bg3 Qf6 24. Ne5 Nxe5 25. Bxe5 Qc6 26. Qxc6 Bxc6 27. Bxg7
Kxg7 28. Bf1 Bf3 29. Bb5 Re7 30. Rc1 Re5 31. Rxd4 Rexc5 32. Rxc5 Rxc5 33. Bc4
Bc6 34. Kh2 b5 35. Bb3 a5 36. Rf4 Bd5 37. Rd4 Bxb3 38. axb3 b4 0-1

[Event "Open"]
[Site "Schneeberg"]
[Date "2009.03.12"]
[Round "6.1"]
[White "Schnabel, Ralf"]
[Black "Zimmermann, Rene"]
[Result "1-0"]
[WhiteElo "2245"]
[BlackElo "2016"]
[PlyCount "75"]
[EventDate "2009.??.??"]

1. e4 e6 2. d4 d5 3. Nd2 Nf6 4. e5 Nfd7 5. Bd3 c5 6. c3 Nc6 7. Ne2 cxd4 8. cxd4
f6 9. exf6 Nxf6 10. Nf3 Bd6 11. O-O Qc7 12. Bg5 O-O 13. Qc2 h6 14. Bh4 Nh5 15.
Bg6 Rxf3 16. gxf3 Bxh2+ 17. Kh1 Nf4 18. Ng3 Nxg6 19. Qxg6 Nxd4 20. Nh5 Kf8 21.
Rac1 Qf7 22. Qxf7+ Kxf7 23. Kxh2 g5 24. Bg3 Kg6 25. Rc7 e5 26. Rg7+ Kxh5 27.
Kg2 Nf5 28. Rh1+ Nh4+ 29. Bxh4 gxh4 30. Re1 e4 31. fxe4 d4 32. Rd1 Be6 33. Rxd4
Rf8 34. b3 h3+ 35. Kg3 h2 36. Rd1 Rd8 37. Rh1 Rd3+ 38. f3 1-0